<?xml version="1.0" encoding="UTF-8"?>
<collection xmlns="http://www.loc.gov/MARC21/slim">
 <record>
  <leader>00985nta a2200217 i 4500</leader>
  <controlfield tag="001">dipl68765</controlfield>
  <controlfield tag="005">20220209090332.0</controlfield>
  <controlfield tag="008">170601s2016    hu      om    0||   zxx d</controlfield>
  <datafield tag="040" ind1=" " ind2=" ">
   <subfield code="a">SZTE Diploma Repozitórium</subfield>
   <subfield code="b">hun</subfield>
  </datafield>
  <datafield tag="041" ind1=" " ind2=" ">
   <subfield code="a">zxx</subfield>
  </datafield>
  <datafield tag="100" ind1="1" ind2=" ">
   <subfield code="a">Purece Bálint</subfield>
  </datafield>
  <datafield tag="245" ind1="1" ind2="0">
   <subfield code="a">Folyadékok és környezet modellezése</subfield>
   <subfield code="h">[elektronikus dokumentum] :</subfield>
   <subfield code="b">Unreal Engine /</subfield>
   <subfield code="c">Bálint Purece</subfield>
  </datafield>
  <datafield tag="246" ind1="1" ind2="0">
   <subfield code="a">Modelling Liquids and Environment: Unreal Engine</subfield>
   <subfield code="h">[elektronikus dokumentum]</subfield>
  </datafield>
  <datafield tag="260" ind1=" " ind2=" ">
   <subfield code="c">2016</subfield>
  </datafield>
  <datafield tag="650" ind1=" " ind2="4">
   <subfield code="a">Természettudományok</subfield>
  </datafield>
  <datafield tag="650" ind1=" " ind2="4">
   <subfield code="a">Natural sciences</subfield>
  </datafield>
  <datafield tag="700" ind1="0" ind2="1">
   <subfield code="a">Nyúl László</subfield>
   <subfield code="e">ths</subfield>
  </datafield>
  <datafield tag="700" ind1="0" ind2="1">
   <subfield code="a">Bodnár Péter</subfield>
   <subfield code="e">ths</subfield>
  </datafield>
  <datafield tag="856" ind1="4" ind2="0">
   <subfield code="u">https://diploma.bibl.u-szeged.hu/id/eprint/68765/1/2016_Purece_B%C3%A1lint_PUBQAAT_SZE_SZ.pdf</subfield>
   <subfield code="z">Dokumentum-elérés </subfield>
  </datafield>
  <datafield tag="856" ind1="4" ind2="0">
   <subfield code="u">https://diploma.bibl.u-szeged.hu/id/eprint/68765/7/2016_purece_balint_melleklet_01.tgz</subfield>
   <subfield code="z">Dokumentum-elérés </subfield>
  </datafield>
  <datafield tag="856" ind1="4" ind2="0">
   <subfield code="u">https://diploma.bibl.u-szeged.hu/id/eprint/68765/8/2016_purece_balint_melleklet_02.tgz</subfield>
   <subfield code="z">Dokumentum-elérés </subfield>
  </datafield>
 </record>
</collection>
